Puthukavitha: (Record no. 181729)

000 -LEADER
fixed length control field 00514nam a22001817a 4500
020 ## - INTERNATIONAL STANDARD BOOK NUMBER
ISBN 9789393969712
082 ## - DEWEY DECIMAL CLASSIFICATION NUMBER
Classification number M100 7
Item number SAN/P
245 ## - TITLE STATEMENT
Title Puthukavitha:
Sub Title vayana vicharam rashtreeyam/
Statement of responsibility, etc by Santhosh O K (ed.) and Rajesh K Erumeli (ed.)
250 ## - EDITION STATEMENT
Edition statement 2nd.
260 ## - PUBLICATION, DISTRIBUTION, ETC. (IMPRINT)
Place of publication Kozhikode:
Name of publisher Atma Books,
Year of publication 2024.
300 ## - PHYSICAL DESCRIPTION
Number of Pages 350p.
650 ## - SUBJECT ADDED ENTRY--TOPICAL TERM
Topical Term Poetry Malayalam Study
650 ## - SUBJECT ADDED ENTRY--TOPICAL TERM
Topical Term Literature Malayalam
650 ## - SUBJECT ADDED ENTRY--TOPICAL TERM
Topical Term Literature
700 ## - ADDED ENTRY--PERSONAL NAME
Personal name Santhosh O K (ed.)
700 ## - ADDED ENTRY--PERSONAL NAME
Personal name Rajesh K Erumeli (ed.)
942 ## - ADDED ENTRY ELEMENTS (KOHA)
Koha item type Book
Holdings
Withdrawn status Lost status Damaged status Not for loan Permanent Location Current Location Shelving location Date acquired Cost, normal purchase price Full call number Accession Number Price effective from Koha item type
        Sree Sankaracharya University of Sanskrit Sree Sankaracharya University of Sanskrit Stacks 21.05.2026 700.00 M100 7 SAN/P 108903 21.05.2026 Book